000 00663nam a2200229 a 4500
001 70420
003 BD-RjUL
005 20211209082009.0
008 190227s1954 xx a b 001 0 eng
035 _a(BD-RjUL)70634
040 _aDLC
_cFOFT
_dOCoLC
_dNBrockU
_dOCoLC
_dBD-RjUL
_dOClU
_dDLC
_beng
041 _aeng
082 _a547
_223
_bHOO 1954
100 2 _aHolmyard, E.J.
_d1881-
_9153269
245 1 0 _aoutline of organic chemistry/
_cE.J. Holmyard
250 _a3rd ed.
260 _aLondon : :
_bEdward Arnold,
_c1954[1957]
300 _avii, 492 p. :
_bill.;
_c22 cm.
500 _aIncludes Index
650 _aChemistry
_vOrganic
_9228723
942 _2ddc
_cBK
999 _c70420
_d70420